Gestación de la escultura en Chile y la figura de Nicanor Plaza
Tallennettuna:
| Päätekijä: | |
|---|---|
| Aineistotyyppi: | Kirja |
| Kieli: | espanja |
| Julkaistu: |
Valparaíso
Consejo Nacional de la Cultura y las Artes
2012
|
| Painos: | 1a. ed |
| Aiheet: | |
| Tagit: |
Lisää tagi
Ei tageja, Lisää ensimmäinen tagi!
|
MARC
| LEADER | 00000cam a2200000 a 4500 | ||
|---|---|---|---|
| 001 | UCE1809 | ||
| 003 | CL-VaPUC | ||
| 008 | 140519e20120500cl |||||||||||||||||spa|d | ||
| 020 | |a 9789568411046 | ||
| 082 | 0 | 4 | |a 730.983 |b ZAM |2 21 |
| 100 | 0 | |a Zamorano Pérez, Pedro Emilio |e author |9 574200 | |
| 245 | 1 | 0 | |a Gestación de la escultura en Chile y la figura de Nicanor Plaza |
| 250 | |a 1a. ed | ||
| 300 | |a 251 p | ||
| 942 | |c BK | ||
| 945 | |d 20140519 10:12:00 |a dcastane | ||
| 260 | |a Valparaíso |b Consejo Nacional de la Cultura y las Artes |c 2012 | ||
| 650 | 0 | |a Escultura |9 265737 | |
| 650 | 0 | |a Escultura chilena |9 376592 | |
| 650 | 7 | |a ESCULTORES CHILENOS |2 CL-VaPUC |9 464635 | |
| 583 | |a last modification |c 20140519 10:12:00 |k Rodrigo Vera | ||
| 999 | |c 355495 |d 355493 | ||
| 952 | |0 0 |1 0 |3 erd |4 0 |6 730_983000000000000_ZAM_2012 |7 0 |8 A |9 462248 |a BIBARQ |b BIBARQ |i 5074649 |o 730.983 ZAM 2012 |p 5074649 |r 2025-01-20 |w 2019-11-23 |y BK |z Catalogado en:20140519 |k ARQ | ||
| 952 | |0 0 |1 0 |3 erd |4 0 |6 730_983000000000000_ZAM_2012 |7 0 |8 X |9 462249 |a BIBEDU |b BIBEDU |i 5403634 |o 730.983 ZAM 2012 |p 5403634 |r 2023-01-13 |w 2019-11-23 |y BK_X |z Catalogado en:20170709 |k LIT | ||